| 000 | 00388nam a2200157Ia 4500 | ||
|---|---|---|---|
| 008 | 230711s9999||||xx |||||||||||||| ||und|| | ||
| 041 | _aENG | ||
| 082 |
_a624 _bIR-S |
||
| 100 | _aIrvine,H.M | ||
| 245 | 0 | _aStructural dynamics for the practising engineer | |
| 250 | _a1st Ed. | ||
| 260 |
_c1986 _aNew Delhi _bChapman & Hall |
||
| 300 | _a147 | ||
| 650 | _aCivil Engineering | ||
| 942 | _cBK | ||
| 999 |
_c2434 _d2434 |
||